000 00319nam a22001337a 4500
008 210302b ||||| |||| 00| 0 eng d
020 _a0910701784
041 _aeng
080 _a61
100 _a3
101 _aSHM
245 _aMeasuring Patient Satisfaction for Improved Patient Services
_cACHE
942 _2udc
_cBK
999 _c55542
_d55542